Sports Quiz

Random Sports or NHL Quiz

NHL 2015-2016 Statistical Leaders Quiz Stats

 Plays Quiz not verified by Sporcle

Score 0/288 Timer 20:00
0 Plays Today
Player % Correct
Alex Ovechkin
98.9%
Sidney Crosby
98.9%
Sidney Crosby
98.9%
Sidney Crosby
98.9%
Alex Ovechkin
98.9%
Alex Ovechkin
98.9%
Alex Ovechkin
98.9%
Sidney Crosby
98.9%
Alex Ovechkin
98.9%
Sidney Crosby
98.9%
Alex Ovechkin
98.9%
Sidney Crosby
98.9%
Patrick Kane
98.6%
Patrick Kane
98.6%
Patrick Kane
98.6%
Patrick Kane
98.6%
Patrick Kane
98.6%
Evander Kane
98.6%
Jamie Benn
98.3%
Jamie Benn
98.3%
Jamie Benn
98.3%
Jamie Benn
98.3%
Jamie Benn
98.3%
Steven Stamkos
97.8%
John Tavares
97.8%
John Tavares
97.8%
Steven Stamkos
97.8%
John Tavares
97.8%
John Tavares
97.8%
John Tavares
97.8%
Corey Perry
97.2%
Patrice Bergeron
97.2%
Ryan Getzlaf
97.2%
Patrice Bergeron
97.2%
Corey Perry
97.2%
Patrice Bergeron
97.2%
Patrice Bergeron
97.2%
Patrice Bergeron
97.2%
Patrice Bergeron
97.2%
Joe Thornton
96.9%
Joe Thornton
96.9%
Joe Thornton
96.9%
Joe Thornton
96.9%
Joe Pavelski
96.6%
Joe Pavelski
96.6%
Joe Pavelski
96.6%
Joe Pavelski
96.6%
Vladimir Tarasenko
96.4%
Erik Karlsson
96.4%
Erik Karlsson
96.4%
Vladimir Tarasenko
96.4%
Vladimir Tarasenko
96.4%
Vladimir Tarasenko
96.4%
Erik Karlsson
96.4%
Erik Karlsson
96.4%
Erik Karlsson
96.4%
Erik Karlsson
96.4%
Tyler Seguin
96.1%
Claude Giroux
96.1%
Tyler Seguin
96.1%
Claude Giroux
96.1%
Tyler Seguin
96.1%
Claude Giroux
96.1%
Anze Kopitar
95.5%
Anze Kopitar
95.5%
Anze Kopitar
95.5%
Anze Kopitar
95.5%
Anze Kopitar
95.5%
Kris Letang
95.2%
Kris Letang
95.2%
Kris Letang
95.2%
Nicklas Backstrom
95%
Nicklas Backstrom
95%
Brent Burns
94.1%
Brent Burns
94.1%
Evgeni Malkin
94.1%
Brent Burns
94.1%
Brent Burns
94.1%
Brad Marchand
93%
Brad Marchand
93%
Brad Marchand
93%
Brad Marchand
93%
Filip Forsberg
92.2%
Drew Doughty
92.2%
Drew Doughty
92.2%
Filip Forsberg
92.2%
P.K. Subban
91.9%
Shea Weber
91.9%
P.K. Subban
91.9%
Shea Weber
91.9%
Shea Weber
91.9%
Evgeny Kuznetsov
91.6%
Blake Wheeler
91.6%
Blake Wheeler
91.6%
Evgeny Kuznetsov
91.6%
Evgeny Kuznetsov
91.6%
Player % Correct
Blake Wheeler
91.6%
Evgeny Kuznetsov
91.6%
Wayne Simmonds
91.3%
Wayne Simmonds
91.3%
Wayne Simmonds
91.3%
Johnny Gaudreau
90.8%
Johnny Gaudreau
90.8%
Johnny Gaudreau
90.8%
Jonathan Toews
90.5%
Jonathan Toews
90.5%
Jonathan Toews
90.5%
Jonathan Toews
90.5%
Ryan Johansen
89.4%
Artemi Panarin
89.1%
Roman Josi
89.1%
Artemi Panarin
89.1%
Roman Josi
89.1%
Roman Josi
89.1%
Jason Spezza
88.8%
Carey Price
88.5%
Phil Kessel
87.1%
Duncan Keith
86.8%
David Krejci
85.7%
Marc-Andre Fleury
85.7%
Max Pacioretty
85.2%
Jordan Staal
84.6%
Ryan Suter
84.6%
Eric Staal
84.6%
Jordan Staal
84.6%
Ben Bishop
84.3%
James Neal
84%
James Neal
84%
James Neal
84%
Jack Johnson
84%
Erik Johnson
84%
Chad Johnson
84%
Daniel Sedin
83.5%
Ryan Murray
83.5%
Matt Murray
83.5%
Dustin Byfuglien
83.2%
Dustin Byfuglien
83.2%
Dustin Byfuglien
83.2%
Dustin Byfuglien
83.2%
Alex Pietrangelo
82.6%
Tyler Toffoli
82.4%
Tyler Toffoli
82.4%
Jeff Carter
82.4%
Mark Giordano
82.1%
Zdeno Chara
82.1%
Mark Giordano
82.1%
John Klingberg
81.8%
John Klingberg
81.8%
John Klingberg
81.8%
Oliver Ekman-Larsson
81.2%
Oliver Ekman-Larsson
81.2%
Brian Elliott
81%
Corey Crawford
81%
Braden Holtby
80.4%
Taylor Hall
80.1%
Taylor Hall
80.1%
Cory Schneider
78.2%
Jake Allen
77.9%
Roberto Luongo
77.3%
Mikko Koivu
77%
Mikko Koivu
77%
Brandon Saad
76.8%
Henrik Lundqvist
76.5%
Jeff Skinner
75.6%
Jeff Skinner
75.6%
Matt Martin
75.4%
Matt Martin
75.4%
Sean Monahan
74.8%
John Gibson
74.2%
Jaromir Jagr
73.9%
Patrick Marleau
73.7%
Mark Stone
73.7%
Justin Faulk
72.5%
Justin Faulk
72.5%
James Reimer
72.5%
Ryan Kesler
72.3%
Shane Doan
72%
Shane Doan
72%
Nazem Kadri
71.4%
Petr Mrazek
71.1%
Ryan O'Reilly
70.6%
T.J. Oshie
69.2%
Patric Hornqvist
69.2%
T.J. Oshie
69.2%
Brayden Schenn
68.9%
Luke Schenn
68.9%
Andrew Ladd
68.3%
Chris Kunitz
68.1%
Chris Kunitz
68.1%
Thomas Greiss
67.5%
Robin Lehner
65.3%
Chris Neil
65%
Player % Correct
Victor Hedman
64.4%
Jarome Iginla
64.4%
Tom Wilson
64.1%
Tom Wilson
64.1%
Marian Hossa
63.6%
Alex Edler
63.3%
David Backes
63.3%
Derek Stepan
63%
Derek Stepan
63%
Tomas Plekanec
63%
Matt Niskanen
62.5%
T.J. Brodie
61.9%
Dustin Brown
61.6%
Rasmus Ristolainen
61.3%
Ryan McDonagh
59.9%
Michal Neuvirth
59.4%
Milan Lucic
58.8%
Milan Lucic
58.8%
Scott Hartnell
57.4%
Scott Hartnell
57.4%
Zack Smith
56.3%
Cal Clutterbuck
55.5%
Kyle Palmieri
54.3%
Bryan Little
53.2%
Brandon Dubinsky
52.9%
Brandon Dubinsky
52.9%
Brian Campbell
52.7%
Loui Eriksson
51.5%
Paul Stastny
51.5%
Mike Fisher
50.1%
Francois Beauchemin
49.9%
Francois Beauchemin
49.9%
Kris Russell
49.9%
Jussi Jokinen
49.6%
Roman Polak
49.6%
Travis Zajac
49.6%
Mats Zuccarello
49.3%
Shayne Gostisbehere
48.5%
Derek Dorsett
48.2%
Mark Scheifele
47.9%
Alec Martinez
47.6%
Derick Brassard
47.6%
Karl Alzner
47.3%
Dan Girardi
47.3%
Radko Gudas
47.1%
Radko Gudas
47.1%
Radko Gudas
47.1%
Olli Maatta
45.9%
Mikkel Boedker
44.5%
Calvin Pickard
44.5%
Bo Horvat
43.4%
Joonas Korpisalo
43.4%
Alex Goligoski
42.3%
Alex Goligoski
42.3%
Jean-Gabriel Pageau
41.7%
Antoine Vermette
41.5%
Cody McLeod
39.2%
Antoine Roussel
39.2%
Cody McLeod
39.2%
Jonas Enroth
38.9%
Colton Parayko
38.1%
Jared Spurgeon
38.1%
Reto Berra
37.5%
Leo Komarov
37%
Matt Cullen
35.3%
Artem Anisimov
35%
Justin Abdelkader
33.1%
Cody Eakin
31.1%
Mikael Backlund
30.8%
Mikael Backlund
30.8%
Jacob Trouba
30.3%
Nick Schultz
29.4%
Chris Tanev
28.3%
Zack Kassian
26.1%
Kevin Bieksa
26.1%
Josh Gorges
25.5%
Alexei Emelin
24.1%
Ryan White
23.2%
Johnny Oduya
23%
Calvin deHaan
22.1%
Michael Grabner
21.3%
Casey Cizikas
20.2%
Mark Borowiecki
19.6%
Eric Fehr
19.6%
Mark Borowiecki
19.6%
Erik Haula
19.3%
John Moore
17.4%
Paul Byron
17.1%
Jordan Tootoo
16.8%
Dalton Prout
16%
Matt Beleskey
15.4%
Tanner Glass
14.8%
Kyle Brodziak
14.3%
Brandon Bollig
13.7%
Bobby Farnham
10.4%
Nick Holden
9%

You're not logged in!

Compare scores with friends on all Sporcle quizzes.
OR
Log In

Sporcle TV

Today on Sporcle TV


Watch our educational content, quiz creation guides, and fun videos on Sporcle TV.

Show Comments

Extras

Top Quizzes Today


Score Distribution

Your Account Isn't Verified!

In order to create a playlist on Sporcle, you need to verify the email address you used during registration. Go to your Sporcle Settings to finish the process.

Report this User

Report this user for behavior that violates our Community Guidelines.

Details: